000 00459nam a2200193Ia 4500
005 20250603145553.0
008 250603s9999 xx 000 0 und d
020 _a81-219-0476-5
050 _aTK 5101 .S56/
100 _aSingh, Anokh
245 0 _aPrinciples of communication engineering
250 _a6th ed.
260 _aNew Delhi
260 _bS.Chand nd Company Ltd
260 _c2007
300 _a662 p
650 _aNew Delhi
942 _cBK
999 _c42238
_d42238